000 nam a22 7a 4500
999 _c10290
_d10290
008 180213b ||||| |||| 00| 0 eng d
100 _aGulati, H C
_96259
245 _aEnglish Grammer - VI
260 _aNew Delhi
_bAPC Publication
_c2013